000
00255nam a2200097Ia 4500
001
650108
005
20250826154353.0
008
250824s9999 xx 000 0 und d
245
0
_a
Ece Yüce/Ay Dede Kime Gülümsüyordu
_c
Gülten Dayıoğlu
260
_b
ALTIN
999
_c
650108
_d
650108